• 首页
  • 本馆介绍
  • 公告通知
  • 最新文献
  • 馆藏检索
  • 电子资源
  • 读者导购
  • 参考咨询
  • 我的图书馆
  • 登录
  • 详细信息显示
  • 放入我的书架
  • 预约/预借图书
  • 作者相关作品
  • 分类相关作品
  • 丛书相关作品
  • 出版社相关作品

书目信息

  • 表格格式
  • 工作单格式
  • 卡片格式
题名:
数字化语境中新世纪文艺审美现相解析
    
 
作者: 何志钧 , 秦凤珍 主编
分册:  
出版信息: 北京   人民日报出版社  2015
页数: 282页
开本: 24cm
丛书名: 人民日报学术文库
单 册:
中图分类: I01-53
科图分类:
主题词: 文艺美学--文集
电子资源:
ISBN: 978-7-5115-3246-6
000 01081oam2 2200265 450
001 012001002369
005 20140926114740.0
010    @a978-7-5115-3246-6@dCNY54.00
100    @a20151126d2015 em y0chiy50 ea
101 0  @achi
102    @aCN@b110000
105    @aak z 000yy
106    @ar
200 1  @a数字化语境中新世纪文艺审美现相解析@9shu zi hua yu jing zhong xin shi ji wen yi shen mei xian xiang jie xi@f何志钧,秦凤珍主编
210    @a北京@c人民日报出版社@d2015
215    @a282页@c图@d24cm
225 2  @a人民日报学术文库
330    @a本书系国家社会科学基金一般项目“数字化语境中新世纪以来的文艺审美实践研究”和教育部人文社会科学重点研究基地重大项目“文学艺术与现代传媒的关系研究”的阶段性成果,汇集了课题组成员和学术界同仁对数字化语境中新世纪以来的文艺审美现象进行专题研究和个案研究的几十篇论文。
461  0 @12001 @a人民日报学术文库
606 0  @a文艺美学@j文集
690    @aI01-53@v5
701  0 @a何志钧@9he zhi jun@f(1971-)@4主编
701  0 @a秦凤珍@9qin feng zhen@f(1970-)@4主编
801  0 @aCN@b上海新华@c20180901
905    @b1160646-50@dI01-53@e447@f5
    
    数字化语境中新世纪文艺审美现相解析/何志钧,秦凤珍主编.-北京:人民日报出版社,2015
    282页:图;24cm.-(人民日报学术文库)
    
    
    ISBN 978-7-5115-3246-6:CNY54.00
    本书系国家社会科学基金一般项目“数字化语境中新世纪以来的文艺审美实践研究”和教育部人文社会科学重点研究基地重大项目“文学艺术与现代传媒的关系研究”的阶段性成果,汇集了课题组成员和学术界同仁对数字化语境中新世纪以来的文艺审美现象进行专题研究和个案研究的几十篇论文。
●
相关链接 在E读中查询图书 在五车中查询图书 在当当中查询图书 在豆瓣中查询图书


正题名:数字化语境中新世纪文艺审美现相解析     索取号:I01-53/447         预约/预借

序号 登录号 条形码 馆藏地/架位号 状态 备注
1 1160646   211606467   第一样本阅览室/ [索取号:I01-53/447] 在馆    
2 1160647   211606476   密集书库-文学院/ [索取号:I01-53/447] 在馆    
3 1160648   211606485   第二借阅区/ [索取号:I01-53/447] 在馆    
4 1160649   211606494   第二借阅区/ [索取号:I01-53/447] 在馆    
5 1160650   211606500   第二借阅区/ [索取号:I01-53/447] 在馆    
唐山师范学院图书馆 欢迎您!
大连网信软件有限公司© 版权所有